Kiếp đọa đày = La tunique peau

Guardat en:
Dades bibliogràfiques
Autor principal: C. Virgil Gheorghiu
Format: Llibre
Idioma:Undetermined
Publicat: Thanh Hóa Thanh Hóa 1989
Matèries:
Etiquetes: Afegir etiqueta
Sense etiquetes, Sigues el primer a etiquetar aquest registre!
Thư viện lưu trữ: Trung tâm Học liệu Trường Đại học Cần Thơ
LEADER 00572nam a2200181Ia 4500
001 CTU_32619
008 210402s9999 xx 000 0 und d
082 |a 859 
082 |b G351 
100 |a C. Virgil Gheorghiu 
245 0 |a Kiếp đọa đày 
245 0 |b = La tunique peau 
245 0 |c C. Virgil Gheorghiu; Dịch giả: Minh Hà 
260 |a Thanh Hóa 
260 |b Thanh Hóa 
260 |c 1989 
650 |a roumanian fiction - 20th century ( vietnamese ),roumanian literature - 20th century 
980 |a Trung tâm Học liệu Trường Đại học Cần Thơ